Vlčí věk. Kniha čtvrtá, Štěňata vlků /
Oblíbené hrdiny z předcházejících vzrušujících dobrodružství z časů, kdy Evropu ovládali Vikingové, nahrazují coby pokračovatelé jejich potomci. Národy a bohové starých světů se stále dostávají do konfliktu s novou civilizací za přispění nadpřirozených událostí. Překrásná mladinká Jorka uniká se svý...
Uloženo v:
| Série: | Vlčí věk,
část 4 |
|---|---|
| Hlavní autor: | |
| Médium: | E-kniha |
| Jazyk: | Czech |
| Vydáno: |
Praha :
Epocha s.r.o.,
2018
|
| Vydání: | Druhé, revidované vydání |
| Edice: | Fantastická Epocha
|
| Témata: | |
| Příbuzné jednotky: | Z cyklu::
Vlčí věk |
| Tagy: |
Žádné tagy |
| LEADER | 02524nam a2200445 i 4500 | ||
|---|---|---|---|
| 001 | 310885 | ||
| 003 | CZ PrSKC | ||
| 005 | 20260601215656.0 | ||
| 007 | ta | ||
| 008 | 180409s2018 xr g 000 f cze | ||
| 015 | |a cnb002991174 | ||
| 020 | |a 9788075571076 |q (vázáno) | ||
| 035 | |a (OCoLC)1039847505 | ||
| 040 | |a OLA001 |b cze |e rda | ||
| 072 | 7 | |a 821.162.3-3 |x Česká próza |2 Konspekt | |
| 080 | |a 821.162.3-31 |2 MRF | ||
| 080 | |a (0:82-312.9) |2 MRF | ||
| 100 | 1 | |a Mostecký, Jaroslav, |d 1963-2020 |7 jn19990009938 |4 aut | |
| 245 | 1 | 0 | |a Vlčí věk. |n Kniha čtvrtá, |p Štěňata vlků / |c Jaroslav Mostecký |
| 246 | 3 | 0 | |a Štěňata vlků |
| 250 | |a Druhé, revidované vydání | ||
| 264 | 1 | |a Praha : |b Epocha s.r.o., |c 2018 | |
| 300 | |a 216 stran ; |c 20 cm | ||
| 336 | |a text |b txt |2 rdacontent | ||
| 337 | |a bez média |b n |2 rdamedia | ||
| 338 | |a svazek |b nc |2 rdacarrier | ||
| 490 | 1 | |a Fantastická Epocha | |
| 520 | 2 | |a Oblíbené hrdiny z předcházejících vzrušujících dobrodružství z časů, kdy Evropu ovládali Vikingové, nahrazují coby pokračovatelé jejich potomci. Národy a bohové starých světů se stále dostávají do konfliktu s novou civilizací za přispění nadpřirozených událostí. Překrásná mladinká Jorka uniká se svým otcem, lovcem Hemdirem, ze samoty v lese, kde se dějí podivné věci a kde za děsivých okolností zemřela dívčina matka. Po jejich stopách se vydává nejen mladý odvážný Grettir toužící po Jorce jako po své budoucí ženě, ale také nebezpečné stíny minulosti a rozběsněná krvelačná trollkona. | |
| 520 | 2 | |a Závěrečný díl dobrodružné fantasy tetralogie Vlčí věk z vikinských dob s drsným syrovým dějem ozvláštněným romantickými a nadpřirozenými motivy. | |
| 655 | 7 | |a české romány |7 fd133974 |2 czenas | |
| 655 | 7 | |a fantasy romány |7 fd184199 |2 czenas | |
| 655 | 9 | |a Czech fiction |2 eczenas | |
| 655 | 9 | |a fantasy novels |2 eczenas | |
| 787 | 0 | 8 | |i Z cyklu: |t Vlčí věk |g 4 |
| 830 | 0 | |a Fantastická Epocha | |
| 900 | |a ABA001 |b 19 | ||
| 044 | |a xr | ||
| 910 | |a RBIT002 | ||
| 998 | |d 177945 |a https://core.palmknihy.cz/api/books/177945/cover?p6los9 |b https://core.palmknihy.cz/api/books/177945/cover/400?p6los9 |c https://core.palmknihy.cz/api/books/177945/cover/50?p6los9 |e 2029-04-03 |g 180 |i 9788075571076 |j https://core.palmknihy.cz/api/books/177945/preview.epub |k https://core.palmknihy.cz/api/books/177945/preview.pdf |l |q 49 |r 1 |s https://www.palmknihy.cz/kniha/177945 |t ebook |y 2018 |z 0 |v Vlčí věk |w 4 | ||
| 999 | |d 310883 | ||